Le biblioteche : dalle tavolette di argilla ai supporti multimediali / (Record no. 182607)

MARC details
000 -LEADER
campo de control de longitud fija 00711nam a2200205 i 4500
001 - NÚMERO DE CONTROL
campo de control 182607
003 - IDENTIFICADOR DE NÚMERO DE CONTROL
campo de control ES-MaACL
005 - FECHA Y HORA DE LA ÚLTIMA TRANSACCIÓN
campo de control 20240215155907.0
008 - DATOS DE LONGITUD FIJA--INFORMACIÓN GENERAL
campo de control de longitud fija 131002s2004 it |||| | ita d
080 ## - NÚMERO DE LA CLASIFICACIÓN DECIMAL UNIVERSAL
Número de la Clasificación Decimal Universal 88-88141-84-7
100 1# - ENTRADA PRINCIPAL--NOMBRE DE PERSONA
Nombre de persona Fascia, Flavia.
9 (RLIN) 151356
245 10 - MENCIÓN DEL TÍTULO
Título Le biblioteche : dalle tavolette di argilla ai supporti multimediali /
Mención de responsabilidad, etc. Flavia Fascia.
260 ## - PUBLICACIÓN, DISTRIBUCIÓN, ETC.
Lugar de publicación, distribución, etc. Napoli :
Nombre del editor, distribuidor, etc. Luciano,
Fecha de publicación, distribución, etc. [2004]
300 ## - DESCRIPCIÓN FÍSICA
Extensión 182 p. :
Otras características físicas ill. ;
Dimensiones 32 cm.
650 04 - PUNTO DE ACCESO ADICIONAL DE MATERIA--TÉRMINO DE MATERIA
Término de materia o nombre geográfico como elemento de entrada Bibliotecas-
Subdivisión general Historia
9 (RLIN) 10538
852 ## - LOCALIZACIÓN
Ubicación ES-MaACL
Número de control de estantería A-12849
itemnumber 189523
Sublocalización o colección R.148902
Ubicación en estantería Depósito 1
Signatura antigua Olim: N-5849
Encuadernación Donación: Universidad de Nápoles
914 ## - NOMBRE ENTIDAD DE DONANTE
RLIN 234398
Nombre de congreso/reunión o jurisdicción como elemento de entrada Universidad de Nápoles
Unidad subordinada Donante
942 ## - ELEMENTOS DE ENTRADA SECUNDARIOS (KOHA)
Fuente del sistema de clasificación o colocación Clasificación decimal universal
Tipo de ítem Koha Libro impreso
Holdings
Estatus retirado Estado de pérdida Fuente del sistema de clasificación o colocación Estado de daño No para préstamo Biblioteca de origen Biblioteca actual Ubicación en estantería Fecha de adquisición Fuente de adquisición Total de préstamos Signatura topográfica completa Código de barras Visto por última vez Precio de reemplazo Tipo de ítem Koha
    Clasificación decimal universal     Biblioteca del Ateneo de Madrid Biblioteca del Ateneo de Madrid Depósito 1 02/10/2013 Donación   A-12849 1191906 23/02/2023 23/02/2023 Libro impreso